000 00325nam a2200133Ia 4500
008 231129s1983||||xx |||||||||||||| ||spa||
040 _bspa
082 _a813 S912d
100 _aStraub Peter
245 0 _aEl dragón flotante
260 _c1983
264 _aBogotá Colombia : Cí­rculo de Lectores
942 _2ddc
_cBKS
999 _c10922
_d10922